Vozes e ruídos (Registo nº 7910)
[ vista simples ]
| 000 -Etiqueta do registo | |
|---|---|
| Valores | 00662nam a22002531i 4500 |
| 010 ## - Número ISBN | |
| ISBN | 9789722108324 |
| 090 ## - | |
| -- | 7910 |
| 100 ## - Dados gerais de processamento | |
| Dados gerais | 20170304u u u0frey50 ba |
| 101 0# - Língua de publicação | |
| -- | por |
| 200 1# - Titulo e menção de responsabilidade | |
| Primeira menção de responsabilidade | Daniel Sampaio |
| Título próprio | Vozes e ruídos |
| Informação de outro título | diálogos com adoloscentes |
| 210 ## - Publicação | |
| Nome do editor | Caminho |
| Local de publicação | Lisboa |
| Data de publicação | 1995 |
| 215 ## - Descrição física | |
| Paginação / Volumes | 214 p. |
| Dimensões | 21 cm |
| 225 2# - Colecção | |
| Título próprio da colecção | Nosso mundo |
| 606 #1 - Nome comum usado como assunto | |
| Palavra de ordem | Adolescente |
| 606 #1 - Nome comum usado como assunto | |
| Palavra de ordem | Psicologia |
| ID Autoridade | 3335 |
| 675 ## - CDU | |
| Notação | 159.9 |
| -- | 104 |
| 700 #1 - Autor principal (pessoa individual) | |
| Apelido | Sampaio |
| Nome | Daniel |
| -- | 070 |
| Datas | 1946- |
| 702 #1 - Autor secundário (pessoa individual) | |
| Apelido | Sousa |
| Nome | ?ngelo Vieira |
| 702 #1 - Autor secundário (pessoa individual) | |
| Apelido | Varandas |
| Nome | Pedro |
| -- | 205 |
| 702 #1 - Autor secundário (pessoa individual) | |
| Apelido | Levy |
| Nome | Pedro |
| -- | 205 |
| 702 #1 - Autor secundário (pessoa individual) | |
| Apelido | Santos |
| Nome | Nazaré |
| -- | 205 |
| 801 ## - Fonte de origem | |
| País | PT |
| Regras de catalogação | RPC |
| 990 ## - Elementos KOHA | |
| Tipo de documento | Livro |
| 995 ## - Localização e informação dos exemplares | |
| -- | 25 |
| Situação do levantamento | Estado | Biblioteca de origem | Biblioteca de empréstimo | Localização na Estante | Código de barras | Cota | Permissão de empréstimo | Tipo de documento |
|---|---|---|---|---|---|---|---|---|
| Completo | Biblioteca Municipal de Viana Do Alentejo | Biblioteca Municipal de Viana Do Alentejo | 0011362 | 159.9 SAM | Disponível | Livro |